Cell culture and somatic cell genetics of plants / (Record no. 68110)
[ view plain ]
| 000 -LEADER | |
|---|---|
| fixed length control field | 00963nam a2200277 a 4500 |
| 001 - CONTROL NUMBER | |
| control field | 68110 |
| 003 - CONTROL NUMBER IDENTIFIER | |
| rucl marc code | BD-RjUL |
| 005 - DATE AND TIME OF LATEST TRANSACTION | |
| control field | 20211209081731.0 |
| 008 - FIXED-LENGTH DATA ELEMENTS--GENERAL INFORMATION | |
| fixed length control field | 170330m1984 flua b 001 0 eng |
| 020 ## - INTERNATIONAL STANDARD BOOK NUMBER | |
| International Standard Book Number | 0127150013 (v. 1 : alk. paper) |
| 035 ## - SYSTEM CONTROL NUMBER | |
| System control number | (BD-RjUL)68319 |
| 040 ## - CATALOGING SOURCE | |
| Original cataloging agency | DLC |
| Transcribing agency | DLC |
| Modifying agency | BD-RjUL |
| Language of cataloging | eng |
| 041 ## - LANGUAGE CODE | |
| Language code of text/sound track or separate title | eng |
| 082 00 - DEWEY DECIMAL CLASSIFICATION NUMBER | |
| Classification number | 581.0724 |
| Edition number | 23 |
| Author mark and year | CEL 1984 |
| 245 00 - TITLE STATEMENT | |
| Title | Cell culture and somatic cell genetics of plants / |
| Statement of responsibility, etc. | edited by Indra K. Vasil. |
| 260 ## - PUBLICATION, DISTRIBUTION, ETC. (IMPRINT) | |
| Place of publication, distribution, etc. | Orlando, Fla. : |
| Name of publisher, distributor, etc. | Academic Press, |
| Date of publication, distribution, etc. | 1984 |
| 300 ## - PHYSICAL DESCRIPTION | |
| Pagination | v. : |
| Illustrations | ill. ; |
| Size | 24 cm. |
| 504 ## - BIBLIOGRAPHY, ETC. NOTE | |
| Bibliography, etc | Includes bibliographies and indexes. |
| 505 1# - FORMATTED CONTENTS NOTE | |
| Formatted contents note | V. 1. Laboratory procedures and their applications -- V. 2. Cell growth, nutrition, cytodifferentiation and cryopreservation. |
| 650 #0 - SUBJECT ADDED ENTRY--TOPICAL TERM | |
| Topical term or geographic name as entry element | Plant cell culture. |
| 9 (RLIN) | 159078 |
| Topical term or geographic name as entry element | Plant cytogenetics. |
| 9 (RLIN) | 201907 |
| Topical term or geographic name as entry element | Plant molecular biology. |
| 9 (RLIN) | 201908 |
| 700 1# - ADDED ENTRY--PERSONAL NAME | |
| Personal name | Vasil, I. K. |
| 942 ## - ADDED ENTRY ELEMENTS (KOHA) | |
| Source of classification or shelving scheme | Dewey Decimal Classification |
| Koha item type | Books |
| Lost status | Source of classification or shelving scheme | Damaged status | Not for loan | Collection code | Permanent Location | Current Location | Shelving location | Date acquired | Source of acquisition | Cost, normal purchase price | Total Checkouts | Full call number | Date last seen | Copy number | Koha item type |
|---|---|---|---|---|---|---|---|---|---|---|---|---|---|---|---|
| Dewey Decimal Classification | Not For Loan | Non-fiction | Central Library, University of Rajshahi | Central Library, University of Rajshahi | Reading Room | 01/08/1988 | Momin Brothers | 106.30 | 581.0724 CEL V-1 1984 | 30/03/2017 | C-1 | Books | |||
| Dewey Decimal Classification | Not For Loan | Non-fiction | Central Library, University of Rajshahi | Central Library, University of Rajshahi | Reading Room | 09/12/2021 | Mahin Bro. | 106.30 | 581.0724 CEL V-2 1985 | 03/04/2017 | C-1 | Books |